| 000 | 02484cam a22003974i 4500 | ||
|---|---|---|---|
| 003 | PE-LiUPU | ||
| 005 | 20250731184545.0 | ||
| 008 | 150625s r 000 0 d | ||
| 035 | _a(Sirsi) a31062 | ||
| 040 |
_aPE-LiUPU _bspa _cPE-LiUPU _erda |
||
| 082 | 0 | 4 |
_a909 _bIb1 _221 |
| 100 | 1 |
_aIbarra y Rodriguez, Eduardo, dr., _eautor. |
|
| 245 | 1 | 0 |
_aHistoria del mundo en la edad moderna; el desenvolvimiento de las nacionalidades . _n10. |
| 264 | 1 |
_aBarcelona : _bRamón Sopena, _c1957. |
|
| 336 |
_atext _2rdacontent |
||
| 337 |
_aunmediated _2rdamedia |
||
| 338 |
_avolume _2rdacarrier |
||
| 505 | 0 | _aLa gran Bretaña y el libre cambio. - la caida del constitucionalismo en Francia. - El liberalismo y el nacionalismoen Alemania y Austria. - Revolución de Italia. - República Francesa. - Revolución y reacción en Alemania y en Austria. - La revolución y la reacción en Alemania y Austria. - La realizacion de la unidad federal Suiza. - Rusia y el levante. - El levante. - Napoleon III y el periodo de gobierno personal. - La gran Bretaña y la guerra de Crimea. - Gran Bretaña-os u´ltimos años del ''Whiggismo''. - La literatura Inglesa. - Cavour y el reino de Italia. - Austria, Prusia y la confederación Germánica. - La literatura Alemana. - Bismarck y la unidad Germánica. - El imperio liberal. - Reacción contra el romanticismo en la literatura Francesa. - La consumación de la unidad de Italia. - Literatura del ''Risurgimiento'' y de tiempos posteriores. - Curso de la revolución de España y Portugal. - La guerra Franco-Alemana. - Rusia y el periódo de reformas. - Los territorios Balcánicos. - La literatura Rusa. - Influencia nacionalistas en las literaturas Bohemia y Polaca. - Rolanda y Bélgica. - Escandinavia. - Roma y el concilio del Vaticano. - India y el Afganistán. - El extremo Oriente. | |
| 526 | _aP136 | ||
| 526 | _aP135 | ||
| 526 | _aP134 | ||
| 526 | _aP133 | ||
| 526 | _aP144 | ||
| 526 | _aP143 | ||
| 526 | _aP87 | ||
| 526 | _aP35 | ||
| 526 | _aP20 | ||
| 526 | _aP14 | ||
| 526 | _aP10 | ||
| 526 | _aP06 | ||
| 942 |
_2ddc _cBOOK |
||
| 949 |
_a909 Ib1 10 _wDEWEY _c1 _i03767 _lCCODEBUL1 _mBUL _p00.00 _r0 _sY _tBOOK _u2015-06-25 _xBIBLIOTECA _zUNKNOWN _0COMPRA _o.STAFF. Colección General |
||
| 596 | _a1 | ||
| 999 |
_a909 IB1 10 _wDEWEY _c38575 _i03767 _f2021-11-8 _g5 _lCCODEBUL1 _mBUL _r0 _sY _tBOOK _u2015-6-25 _xBIBLIOTECA _zUNKNOWN _0COMPRA _o.STAFF. Colección General _d38575 |
||
| 980 |
_81 _gALBERTO SANCHEZ Responsable de Automatización |
||